Score 0/20 Timer 05:00
3 Plays Today
Hint Answer % Correct
One of sports' great rivalries was between Larry Bird and this Lakers point guardEarvin 'Magic' Johnson
94.9%
Hallucinogenic fungiMagic Mushroom
73.5%
'It is decidedly so' and 'Don't count on it' are two possible answers from this fortune-telling toyMagic Eight Ball
72%
NBA team that drafted Shaquille O'NealOrlando Magic
69.6%
This song's title character 'lived by the sea and frolicked in the autumn mist in a land called Honalee.'Puff, the Magic Dragon
64%
Transportation for Ms. Frizzle and her classMagic School Bus
63%
A brand name for a felt-tip pen that 'conjures' up many colorsMagic Marker
61.9%
Steppenwolf invokes Arabian Nights imagery with this 1968 hit singleMagic Carpet Ride
56.4%
This 1970 Santana hit was actually written by Fleetwood MacBlack Magic Woman
50.9%
In Harry Potter, this governing body is led by Cornelius Fudge through the 5th bookMinistry of Magic
49.9%
Hint Answer % Correct
Wizards of the Coast makes this collectible card gameMagic: The Gathering
44.8%
'As Seen on TV' blenderMagic Bullet
42.8%
Arrangement of numbers arranged so that the sum of the numbers is the same in each row, column, and main diagonalMagic Square
37.8%
Opera by Wolfgang Amadeus MozartThe Magic Flute
35.9%
Apparently, Thomas Mann's classic story has nothing to do with this theme park in Valencia, CaliforniaSix Flags Magic Mountain
35.7%
Often-covered 1965 hit by The Lovin' SpoonfulDo You Believe in Magic
35.1%
Sandra Bullock and Nicole Kidman play witches in this 1998 filmPractical Magic
28.3%
Hit song from The Police's album 'Ghost in the Machine'Every Little Thing She Does Is Magic
22.4%
Visual effects company founded by George LucasIndustrial Light & Magic
20.3%
'One Hundred Years of Solitude' is a prime example of this fiction genre that blends the fantastic with the real worldMagic Realism
16.5%

You're not logged in!

Compare scores with friends on all Sporcle quizzes.
OR
Log In

Sporcle TV

Today on Sporcle TV


Watch our educational content, quiz creation guides, and fun videos on Sporcle TV.

Show Comments

Extras

Top Quizzes Today


Score Distribution

Paid Content

Your Account Isn't Verified!

In order to create a playlist on Sporcle, you need to verify the email address you used during registration. Go to your Sporcle Settings to finish the process.

Report this User

Report this user for behavior that violates our Community Guidelines.

Details: